000
00333nam a2200133Ia 4500
008
240624s9999 xx 000 0 und d
041
_a
eng
082
_a
658.8 SAN
100
_a
SANDERS TIM
245
_a
DEALSTORMING THE SECRET WEAPON THAT CAN
260
_c
2016
_a
New York
_b
Portfolio
300
_a
241 p.; 23 cm.
365
_c
_b
38
999
_c
29028
_d
29028